The facts about flirting / (Record no. 4748)

MARC details
000 -LEADER
fixed length control field 01197nam a22002777a 4500
001 - CONTROL NUMBER
control field 4748
003 - CONTROL NUMBER IDENTIFIER
control field FISKH
005 - DATE AND TIME OF LATEST TRANSACTION
control field 20240927115849.0
008 - FIXED-LENGTH DATA ELEMENTS--GENERAL INFORMATION
fixed length control field 240927b cb ||||| |||| 00| 0 eng d
020 ## - INTERNATIONAL STANDARD BOOK NUMBER
International Standard Book Number 9780007158836
040 ## - CATALOGING SOURCE
Original cataloging agency FISKH
Language of cataloging eng
Transcribing agency FISKH
Modifying agency FISKH
082 ## - DEWEY DECIMAL CLASSIFICATION NUMBER
Classification number 813.5
100 ## - MAIN ENTRY--PERSONAL NAME
Personal name Katschke, Judy
Relator term author
245 ## - TITLE STATEMENT
Title The facts about flirting /
Statement of responsibility, etc. by Judy Katschke
250 ## - EDITION STATEMENT
Edition statement First published in 2003
260 ## - PUBLICATION, DISTRIBUTION, ETC.
Place of publication, distribution, etc. New York :
Name of publisher, distributor, etc. HarperCollinEntertainment ;
Date of publication, distribution, etc. 2003 .
300 ## - PHYSICAL DESCRIPTION
Extent 88 pages :
Other physical details illustrations ;
Dimensions 21 cm .
490 ## - SERIES STATEMENT
Series statement Two of a Kind
505 ## - FORMATTED CONTENTS NOTE
Formatted contents note P <br/>
520 ## - SUMMARY, ETC.
Summary, etc. Meet Mary-Kate and Ashley, the Tween Queen Twins! Your new best friends have just arrived... Mary-Kate has a huge crush on a boy named Jordan. But she's too shy to tell him how she feels. So Ashley starts writing love letters for Mary-Kate and sends them to Jordan. She's thrilled when Jordan writes back to Mary-Kate. His letters are so sweet and funny and romantic... uh, oh! Ashley can't help it, but she's falling for Jordan, too - big time!
521 8# - TARGET AUDIENCE NOTE
Target audience note 650 <br/>
Source Lexile estimate <br/>
521 8# - TARGET AUDIENCE NOTE
Target audience note P <br/>
Source Raz-Plus <br/>
650 ## - SUBJECT ADDED ENTRY--TOPICAL TERM
Topical term or geographic name entry element children
Form subdivision fiction
942 ## - ADDED ENTRY ELEMENTS (KOHA)
Source of classification or shelving scheme Dewey Decimal Classification
Koha item type Books
Suppress in OPAC No
Holdings
Withdrawn status Lost status Source of classification or shelving scheme Damaged status Not for loan Collection Home library Current library Shelving location Date acquired Total Checkouts Full call number Barcode Date last seen Price effective from Koha item type
    Dewey Decimal Classification     Juvenile Fiction Footprints International School Library Network Toul Kork Campus Footprints International School Library Network Toul Kork Campus TTP Primary Orange Bookshelves 09/27/2024   KAT 813.5 FIS20945 09/27/2024 09/27/2024 Books